MARC

LEADER 00000nam a2200000Ia 4500
001 12487
008 160829s1992 xx 000 0 cat d
080 |a B-1-215 
100 |a Malet, Rosa Maria  |9 27386 
245 |a Joan Miró / Rosa Maria Malet 
260 |a Barcelona :  |b Edicions 62, Caixa de Catalunya; amb la col·laboració de la Fundació Pere Vergés,  |c 1992 
300 |a 152 p. :  |b  il. ;  |c 21 cm 
490 |a Col·lecció Pere Vergés de biografies ; 47 
650 |a Miró, Joan  |9 27387 
700 |a Fundació Pere Vergés  |9 21045 
710 2 |a Caixa de Catalunya  |9 53090 
901 |a Arxiu 
942 |n 1 
952 |0 0  |1 0  |4 0  |6 B1215  |7 1  |9 44370  |a Arxiu  |b Arxiu  |d 2016-12-01  |l 0  |o B-1-215  |p 12487  |r 2016-12-01 00:00:00  |w 2016-12-01  |y ARXIU 
999 |c 46951  |d 46951